| 000 | 00545nam a22002177a 4500 | ||
|---|---|---|---|
| 003 | Nust | ||
| 005 | 20210811154846.0 | ||
| 008 | 170123b xxu||||| |||| 00| 0 eng d | ||
| 020 | _a9788120320451 | ||
| 038 | _akhadija | ||
| 040 | _cc | ||
| 082 |
_a629.83 _bOGA |
||
| 100 |
_aOgata, Katsuhiko _918913 |
||
| 245 |
_aMODERN CONTROL ENGINEERING / _cKatsuhiko, Ogata |
||
| 250 | _a4rth ed. | ||
| 260 |
_aNew Delhi : _bPrentice Hall, _c2007. |
||
| 300 |
_a976 p. ; _c24 cm. |
||
| 500 | _apaperback. | ||
| 563 | _apaper back | ||
| 942 |
_cBK _2ddc |
||
| 999 |
_c32253 _d32253 |
||